Arazá (Registro nro. 7368)

Detalles MARC
000 -CABECERA
Campo de control 01647nam a22003377a 4500
005 - FECHA Y HORA DE LA ULTIMA TRANSACCION
Campo de control 20130725074029.0
008 - ELEMENTOS DE LONGITUD FIJA—INFORMACION GENERAL
Campo de control 120619s2011 ck ado fr 000 0 spa d
020 ## - ISBN
ISBN 9789588317656 (obra completa)
020 ## - ISBN
ISBN 9789588317670 (tomo1)
041 ## - IDIOMA
Código de idioma para texto/pista de sonido o título separado Español
044 ## - PAÍS DE PUBLICACIÓN
País de publicación Colombia
082 04 - NUMERO DE CLASIFICACION DECIMAL DEWEY
Número de clasificación 634.4098
Número del ítem E825e1
245 00 - MENCION DE TITULO
Título Arazá
Parte restante del título Estudios ecofisiológicos en la amazonía colombiana
Mención de responsabilidad compiladores Jaime Alberto Barrera García, María Soledad Hernández Gómez, Luz Marina Melgarejo ; revisión técnica Luz Marina Melgarejo
260 ## - PUBLICACION, DISTRIBUCION, ETC. (PIE DE IMPRENTA)
Lugar de publicación, distribución, etc. [Bogotá]
Nombre del editor, distribuidor, etc. SINCHI
-- Ministerio de Ambiente, Vivienda y Desarrollo Territorial
Fecha de publicación, distribución, etc. 2011
300 ## - DESCRIPCION FISICA
Extensión 104 p.
Otros detalles físicos il.,
Dimensiones 24 cm.
490 ## - MENCION DE SERIE
Mención de serie Estudios ecofisiológicos en la amazonía colombiana
504 ## - NOTA DE BIBLIOGRAFIA, ETC.
Nota de bibliografía Incluye referencias bibliográficas
505 0# - NOTA DE CONTENIDO
Nota de contenido Tomo 1. Arazá (Eugenia stipitata, Mc Vaugh)
650 17 - ASIENTO SECUNDARIO DE MATERIA - TERMINO TEMATICO
Término temático o nombre geográfico como elemento de entrada Frutas tropicales
Subdivisión general Aspectos fisiológicos
Subdivisión geográfica Amazonas (Valle)
650 17 - ASIENTO SECUNDARIO DE MATERIA - TERMINO TEMATICO
Término temático o nombre geográfico como elemento de entrada Ecología agrícola
Subdivisión geográfica Amazonas (Valle)
650 17 - ASIENTO SECUNDARIO DE MATERIA - TERMINO TEMATICO
Término temático o nombre geográfico como elemento de entrada Ecofisiología vegetal
Subdivisión general Cultivos y medios de cultivo
Subdivisión geográfica Amazonas (Valle)
650 14 - ASIENTO SECUNDARIO DE MATERIA - TERMINO TEMATICO
Término temático o nombre geográfico como elemento de entrada Arazá (Eugenia stipitata, Mc Vaugh)
650 14 - ASIENTO SECUNDARIO DE MATERIA - TERMINO TEMATICO
Término temático o nombre geográfico como elemento de entrada Cocona (Solanum sessilliflorum Dunal)
650 17 - ASIENTO SECUNDARIO DE MATERIA - TERMINO TEMATICO
Término temático o nombre geográfico como elemento de entrada Agroforesteria
700 1# - ASIENTO SECUNDARIO - NOMBRE PERSONAL
Nombre personal Barrera García, Jaime Alberto
700 1# - ASIENTO SECUNDARIO - NOMBRE PERSONAL
Nombre personal Hernández Gómez, María Soledad
700 1# - ASIENTO SECUNDARIO - NOMBRE PERSONAL
Nombre personal Melgarejo Muñoz, Luz Marina
Fechas asociadas con el nombre 1965-
Affiliation Universidad Ncional de Colombia (Bogota). Facultad de Ciencias
710 2# - ASIENTO SECUNDARIO - NOMBRE CORPORATIVO
Nombre corporativo o de jurisdicción como elemento de entrada Instituto Amazónico de Investigaciones Científicas (Sinchi)
856 41 - LOCALIZACION Y ACCESO ELECTRONICOS
Identificador Uniforme del Recurso http://www.sinchi.org.co/images/pdf/dfpublicaciones/2011/Araza_digitalweb.pdf
942 ## - ELEMENTOS ADICIONALES (KOHA)
Sistema de clasificación Dewey Decimal Classification
Tipo de ítem
Existencias
Withdrawn status Lost status Sistema de Clasificación Damaged status No para préstamo Colección Inventariado Ubicación Permanente Ubicación actual Fecha de adquisición Fuente de Valor Valor Total Checkouts Número topográfico Inventario / Código de Barras Date last seen Ejemplar Price effective from Forma de adquisición Tipo de material
    Dewey Decimal Classification     General Inventariado 2017 Bogotá Bogotá 12/07/2013 Instituto 39000.00   LB-634.4098 E825e1 028669 12/07/2013 Ej. 1 12/07/2013 Canje Libro